|
|
|
|
| LEADER |
00000nam a2200000 a 4500 |
| 001 |
vtls009540908 |
| 003 |
SK-MaSNL |
| 005 |
20260331205331.0 |
| 008 |
210928e1983 xo g slo |
| 035 |
|
|
|a TNKK011519
|
| 040 |
|
|
|a SNK
|b slo
|c SNK
|e AACR2
|
| 041 |
0 |
|
|a slo
|
| 044 |
|
|
|a xo
|c SK
|
| 100 |
1 |
|
|a Bartóková, Eleonóra,
|d 1945-
|4 com
|9 153429
|
| 245 |
1 |
0 |
|a Radíme drobnochovateľom
|b výberová bibliografia
|c Zost. Eleonóra Bartóková
|
| 250 |
|
|
|a 1. vyd.
|
| 260 |
|
|
|a Trnava
|b Okresná knižnica
|c 1983
|
| 300 |
|
|
|a 50 s.
|
| 650 |
0 |
7 |
|a drobnochov
|2 SNK
|9 698324
|
| 650 |
0 |
7 |
|a bibliografie
|2 SNK
|9 266061
|
| 958 |
|
|
|a OND
|
| 999 |
|
|
|c 1087718
|d 1089648
|
| 952 |
|
|
|t P60, <04>, [BOOK], {604}
|a SNK
|b SNK
|y VYP
|7 0
|p 17A0210682
|o snkSB 36217 D1
|0 0
|1 0
|4 0
|d 1999-09-13
|l 0
|r 2005-01-02 00:00:00
|w 2026-02-24
|
| 952 |
|
|
|a SNK
|b SNK
|y PREZ
|7 0
|p 17A0785849
|o snkSB 36217
|0 0
|1 0
|4 0
|d 2012-03-26
|f 1
|l 0
|r 2025-04-14 00:00:00
|w 2026-02-24
|